00338cam a22001097a 4500008004000000082001400040245004100054260002500095300000900120650003700129650006200166180718b1986 xxu||||| |||| 00| 0 eng d aXA Un3 pr aProject information reportcBy UNCHS aNairobibUNCHSc1986 a148p aHuman settlements -- Periodicals aUnited Nations Centre for Human Setlements -- Periodicals